000 00619nam a2200217Ia 4500
008 220216s9999 xx 000 0 und d
100 _aOtten F
245 0 _aDeconstructing sustainable rubber production: Contesting narratives in rural Sumatra
260 _bJournal of Land Use Science
_c2020
300 _a306-326
500 _aSource Year: 2020
650 _aGreen economy
650 _aGreen grabbing
650 _aLand conflict
650 _aSustainable rubber
700 _aBondy H
700 _aFaust H
700 _aHein J
856 _uCopy (doi.org/10.1080/1747423X.2019.1709225)
942 _cJS
999 _c56749
_d56749